[Event "Tradewise Gibraltar ChallWk2"]
[Site "Gibraltar"]
[Date "2016.01.31"]
[Round "2.8"]
[White "Ungureanu, Sandu"]
[Black "Gonzalez Gonzalez, Alfonso"]
[Result "1-0"]
[WhiteElo "2051"]
[BlackElo "2173"]
[PlyCount "113"]
[EventDate "2016.01.30"]
[EventType "swiss"]
[EventRounds "5"]
[EventCountry "GGB"]
[SourceTitle "BritBase"]
[Source "www.saund.co.uk"]
[SourceDate "2018.02.10"]
[SourceVersion "1"]
[SourceVersionDate "2018.02.10"]
[SourceQuality "1"]

1. g3 d5 2. c4 d4 3. e4 e5 4. d3 c5 5. f4 Nc6 6. Nf3 Bd6 7. fxe5 Nxe5 8. Nxe5
Bxe5 9. Bg2 Ne7 10. O-O Ng6 11. Qh5 Be6 12. Nd2 Qc8 13. Qe2 O-O 14. Nf3 f6 15.
Nxe5 fxe5 16. Rxf8+ Nxf8 17. Bd2 Nd7 18. Qh5 Qc6 19. Rf1 b5 20. cxb5 Qxb5 21.
Bh3 Qc6 22. Bxe6+ Qxe6 23. Qf5 Qd6 24. Qf7+ Kh8 25. Kg2 h6 26. Rf5 Rf8 27. Qh5
Kg8 28. Rxf8+ Nxf8 29. Qd1 Qa6 30. Qb3+ Kh7 31. Qc4 Qb6 32. b3 Ng6 33. a4 a6
34. Qd5 Qc7 35. Qe6 Qb7 36. Ba5 Nf8 37. Qd6 Nd7 38. Qc7 Qxc7 39. Bxc7 Kg6 40.
Kf3 Kf7 41. Ke2 h5 42. Kd2 Ke6 43. Kc2 g6 44. h4 Kf6 45. Kb2 c4 46. dxc4 Nc5
47. a5 Ke6 48. b4 Nxe4 49. b5 Nc5 50. Kc2 e4 51. Bb6 d3+ 52. Kd2 Nb3+ 53. Kc3
d2 54. Kc2 axb5 55. a6 bxc4 56. a7 c3 57. a8=Q 1-0

[Event "Tradewise Gibraltar ChallWk2"]
[Site "Gibraltar"]
[Date "2016.01.31"]
[Round "2.9"]
[White "Campbell, Charles"]
[Black "Hamer, Martyn"]
[Result "1/2-1/2"]
[WhiteElo "2157"]
[BlackElo "2058"]
[PlyCount "62"]
[EventDate "2016.01.30"]
[EventType "swiss"]
[EventRounds "5"]
[EventCountry "GGB"]
[SourceTitle "BritBase"]
[Source "www.saund.co.uk"]
[SourceDate "2018.02.10"]
[SourceVersion "1"]
[SourceVersionDate "2018.02.10"]
[SourceQuality "1"]

1. d4 Nc6 2. Nf3 d5 3. Bf4 Bg4 4. e3 e6 5. c3 Bd6 6. h3 Bh5 7. Bb5 Nge7 8. g4
Bg6 9. Ne5 f6 10. Nxg6 hxg6 11. Nd2 g5 12. Bg3 Bxg3 13. fxg3 Qd6 14. Qf3 O-O-O
15. O-O-O e5 16. h4 e4 17. Qf2 gxh4 18. Rxh4 Nb8 19. Rdh1 Rhg8 20. Be2 Nd7 21.
c4 c6 22. Rh7 Nf8 23. R7h5 Ne6 24. Kb1 Ng5 25. Nb3 b6 26. c5 Qc7 27. cxb6 axb6
28. a3 Kd7 29. Rc1 Qd6 30. Qe1 Ra8 31. Qb4 Rgb8 1/2-1/2

[Event "Tradewise Gibraltar ChallWk2"]
[Site "Gibraltar"]
[Date "2016.01.31"]
[Round "2.10"]
[White "Vardi, Shlomit"]
[Black "Dolzhikova, Olga"]
[Result "0-1"]
[WhiteElo "1966"]
[BlackElo "2126"]
[PlyCount "236"]
[EventDate "2016.01.30"]
[EventType "swiss"]
[EventRounds "5"]
[EventCountry "GGB"]
[SourceTitle "BritBase"]
[Source "www.saund.co.uk"]
[SourceDate "2018.02.10"]
[SourceVersion "1"]
[SourceVersionDate "2018.02.10"]
[SourceQuality "1"]

1. e4 c6 2. d3 d5 3. Nd2 e5 4. Ngf3 Bd6 5. g3 Nf6 6. Bg2 O-O 7. O-O Re8 8. c3
a5 9. b3 Nbd7 10. Qc2 Nc5 11. Re1 dxe4 12. Nxe4 Nfxe4 13. dxe4 f6 14. Be3 Qc7
15. Rad1 b6 16. b4 axb4 17. cxb4 Nb7 18. Rc1 c5 19. Bf1 Be6 20. Bc4 Qf7 21.
bxc5 Bxc4 22. Qxc4 Qxc4 23. Rxc4 Bxc5 24. Rc2 Ra3 25. Nh4 Rea8 26. Ree2 Bxe3
27. fxe3 Nc5 28. Nf5 Nxe4 29. Rc7 R3a7 30. Rec2 Nc5 31. Ne7+ Kf7 32. Rxa7 Rxa7
33. Nc8 Ra6 34. Rb2 Nd7 35. Rd2 Ke8 36. Kg2 Kd8 37. Nd6 g6 38. Kf3 Ra4 39. Nb5
Ke7 40. Nc3 Rc4 41. Nd5+ Ke6 42. e4 f5 43. exf5+ gxf5 44. Ne3 Rc3 45. Ke2 Nf6
46. Rb2 Rc6 47. Kd3 Nd5 48. Nc4 f4 49. Nd2 Rc3+ 50. Ke2 fxg3 51. hxg3 Rxg3 52.
Kf2 Rh3 53. Nf3 Rh5 54. Kg3 Kd6 55. Re2 Rf5 56. Kg4 Rf4+ 57. Kg3 e4 58. Ne1 h5
59. Rd2 Rg4+ 60. Kh2 Ke5 61. Rb2 e3 62. Ng2 Ke4 63. Ne1 Rf4 64. Kg2 Rf6 65. Kg3
Rf1 66. Rb1 Rg1+ 67. Kh2 Rg6 68. Rc1 b5 69. a3 Rf6 70. Kg2 Rf2+ 71. Kg1 Nf4 72.
Rb1 Ne2+ 73. Kh1 Ng3+ 74. Kg1 Nf5 75. Rb4+ Nd4 76. a4 bxa4 77. Rxa4 Re2 78. Kf1
Rb2 79. Ra8 Rb1 80. Re8+ Kf4 81. Rf8+ Nf5 82. Ke2 Rb2+ 83. Kf1 Rd2 84. Ng2+ Ke4
85. Re8+ Kf3 86. Ne1+ Kg3 87. Rg8+ Kf4 88. Ng2+ Ke4 89. Re8+ Kd4 90. Rd8+ Kc3
91. Rc8+ Kb2 92. Rb8+ Kc1 93. Rc8+ Kd1 94. Re8 e2+ 95. Kg1 Nd4 96. Kh2 Nf3+ 97.
Kg3 e1=Q+ 98. Nxe1 Nxe1 99. Rh8 Rd5 100. Kh4 Ng2+ 101. Kg3 Rg5+ 102. Kh3 Nf4+
103. Kh2 Ke2 104. Ra8 Rg2+ 105. Kh1 Kf3 106. Ra3+ Kg4 107. Ra4 Rb2 108. Ra8 h4
109. Rg8+ Kf3 110. Rh8 Rb1+ 111. Kh2 h3 112. Rg8 Rb2+ 113. Kh1 Rb6 114. Rh8 Rg6
115. Ra8 Nd3 116. Kh2 Rg2+ 117. Kxh3 Nf4+ 118. Kh4 Rg4# 0-1

[Event "Tradewise Gibraltar ChallWk2"]
[Site "Gibraltar"]
[Date "2016.01.31"]
[Round "2.11"]
[White "Lafortune, Emerick"]
[Black "Vinas Guerrero, Carlos A"]
[Result "0-1"]
[WhiteElo "1923"]
[BlackElo "2123"]
[PlyCount "96"]
[EventDate "2016.01.30"]
[EventType "swiss"]
[EventRounds "5"]
[EventCountry "GGB"]
[SourceTitle "BritBase"]
[Source "www.saund.co.uk"]
[SourceDate "2018.02.10"]
[SourceVersion "1"]
[SourceVersionDate "2018.02.10"]
[SourceQuality "1"]

1. Nf3 Nf6 2. c4 g6 3. b4 Bg7 4. Bb2 O-O 5. g3 d5 6. cxd5 Nxd5 7. Qb3 Bxb2 8.
Qxb2 Qd6 9. a3 a5 10. b5 Nd7 11. Bg2 Nc5 12. O-O a4 13. Nc3 Rd8 14. Rab1 Nxc3
15. Qxc3 Be6 16. Rb4 Bd5 17. Rc1 Nb3 18. Rc2 c5 19. bxc6 Bxc6 20. Qe3 Ra5 21.
d3 Qf6 22. Ra2 Rc5 23. h4 Rc1+ 24. Kh2 Rc5 25. d4 Ra5 26. Ne5 Bxg2 27. Kxg2
Nxd4 28. Ng4 Qc6+ 29. Kh2 Nf5 30. Qb6 Qxb6 31. Rxb6 Rd7 32. Rab2 Rc5 33. e4 Nd6
34. e5 Nc4 35. Rxb7 Rd4 36. Nh6+ Kg7 37. Rxe7 Nxb2 38. Nxf7 Kf8 39. Rb7 Nd3 40.
Nd6 Nxe5 41. Nb5 Rd7 42. Rb8+ Kg7 43. f4 Ng4+ 44. Kh3 h5 45. Kg2 Rc2+ 46. Kf3
Nf6 47. Ke3 Rb2 48. Kf3 Ng4 0-1

[Event "Tradewise Gibraltar ChallWk2"]
[Site "Gibraltar"]
[Date "2016.01.31"]
[Round "2.12"]
[White "Boado Rodriguez, Martin"]
[Black "Gostelow, David W"]
[Result "1-0"]
[WhiteElo "2121"]
[BlackElo "2023"]
[PlyCount "121"]
[EventDate "2016.01.30"]
[EventType "swiss"]
[EventRounds "5"]
[EventCountry "GGB"]
[SourceTitle "BritBase"]
[Source "www.saund.co.uk"]
[SourceDate "2018.02.10"]
[SourceVersion "1"]
[SourceVersionDate "2018.02.10"]
[SourceQuality "1"]

1. e4 c5 2. g3 d5 3. exd5 Qxd5 4. Nf3 Bg4 5. Bg2 Qe6+ 6. Kf1 Nc6 7. h3 Bh5 8.
d3 Qd7 9. Be3 e6 10. Nbd2 Rd8 11. g4 Bg6 12. h4 h5 13. Nc4 Bd6 14. Ng5 Nf6 15.
Ne4 Bxe4 16. dxe4 Nxg4 17. Nxd6+ Qxd6 18. Qxd6 Rxd6 19. Bxc5 Rd2 20. Rc1 b6 21.
Ke1 Rd7 22. Ba3 f6 23. Bf1 Kf7 24. Bb5 Rc8 25. c3 Rdd8 26. Ke2 Nge5 27. Rcd1
Rxd1 28. Rxd1 g5 29. hxg5 fxg5 30. b4 Ne7 31. Bb2 g4 32. Rh1 N7g6 33. a4 h4 34.
Ba6 Rc7 35. c4 Nxc4 36. Bc1 Nce5 37. Kd1 Rc3 38. Bb2 Rh3 39. Rg1 Rh2 40. Rf1 h3
41. Be2 Rg2 42. Bd4 Nf3 43. Bxf3 gxf3 44. Kd2 h2 45. Rh1 Nf4 46. Ke3 Ne2 47.
Be5 Ng1 48. Bxh2 Nh3 49. Bg3 Ng5 50. Bf4 Kg6 51. Rh8 Kf7 52. Bxg5 Rxg5 53. Rh7+
Kf6 54. Rxa7 Ke5 55. Kxf3 Kd4 56. Rb7 Rg6 57. Rxb6 Rf6+ 58. Ke2 Kxe4 59. a5 Kd4
60. a6 Kd5 61. a7 1-0

[Event "Tradewise Gibraltar ChallWk2"]
[Site "Gibraltar"]
[Date "2016.01.31"]
[Round "2.13"]
[White "Del Amo Carbo, Jordi"]
[Black "Samaganova, Alexandra"]
[Result "1-0"]
[WhiteElo "2113"]
[BlackElo "1992"]
[PlyCount "63"]
[EventDate "2016.01.30"]
[EventType "swiss"]
[EventRounds "5"]
[EventCountry "GGB"]
[SourceTitle "BritBase"]
[Source "www.saund.co.uk"]
[SourceDate "2018.02.10"]
[SourceVersion "1"]
[SourceVersionDate "2018.02.10"]
[SourceQuality "1"]

1. d4 Nf6 2. c4 e6 3. Nc3 Bb4 4. e3 b6 5. Bd3 Bb7 6. Nf3 Ne4 7. Qc2 f5 8. O-O
Nxc3 9. bxc3 Bxf3 10. gxf3 Qg5+ 11. Kh1 Bd6 12. f4 Qh4 13. Be2 g5 14. Bf3 c6
15. Rg1 Rg8 16. d5 Rg6 17. Rg3 Rh6 18. h3 gxf4 19. exf4 Bxf4 20. Bxf4 Qxf4 21.
Re1 Kf7 22. Qd3 Rg6 23. dxe6+ dxe6 24. Bh5 Qc7 25. Reg1 Nd7 26. Bxg6+ hxg6 27.
Rxg6 Rh8 28. Rg7+ Ke8 29. R1g6 Rh4 30. Rxe6+ Kf8 31. Ree7 Nc5 32. Qxf5# 1-0

[Event "Tradewise Gibraltar ChallWk2"]
[Site "Gibraltar"]
[Date "2016.01.31"]
[Round "2.14"]
[White "Sanghera, Parminder"]
[Black "Broekman, Willem"]
[Result "1/2-1/2"]
[WhiteElo "2112"]
[BlackElo "1978"]
[PlyCount "192"]
[EventDate "2016.01.30"]
[EventType "swiss"]
[EventRounds "5"]
[EventCountry "GGB"]
[SourceTitle "BritBase"]
[Source "www.saund.co.uk"]
[SourceDate "2018.02.10"]
[SourceVersion "1"]
[SourceVersionDate "2018.02.10"]
[SourceQuality "1"]

1. Nf3 e6 2. d4 d5 3. c4 Nf6 4. Nc3 c6 5. Bg5 Nbd7 6. e3 Qa5 7. Nd2 Bb4 8. Qc1
Ne4 9. Ndxe4 dxe4 10. Bh4 O-O 11. Be2 e5 12. a3 Bxc3+ 13. Qxc3 Qxc3+ 14. bxc3
Re8 15. c5 b6 16. cxb6 axb6 17. Kd2 exd4 18. exd4 Ba6 19. c4 c5 20. d5 e3+ 21.
fxe3 Re4 22. Bf2 Bxc4 23. Bf3 Ree8 24. Rhc1 Ne5 25. e4 f5 26. Bg3 fxe4 27. Bxe4
b5 28. Re1 Rad8 29. Bxe5 Rxe5 30. Bxh7+ Kxh7 31. Rxe5 Bxd5 32. g3 b4 33. axb4
cxb4 34. Ra5 Bc4+ 35. Kc1 b3 36. Rh5+ Kg8 37. Rhg5 Rd7 38. h4 Bf7 39. Ra8+ Kh7
40. Rb8 Rc7+ 41. Kb1 Re7 42. Rb4 Re1+ 43. Kb2 Re2+ 44. Kc1 Re1+ 45. Kd2 Rf1 46.
Rf4 Rxf4 47. gxf4 g6 48. Kc3 Kh6 49. Re5 Kg7 50. Kd4 Kf6 51. Rb5 Be6 52. Ke3
Bc4 53. Rb4 Be6 54. Rb6 Kf5 55. Rb5+ Kf6 56. Kf3 Bc4 57. Rb8 Bd5+ 58. Kg3 Bc4
59. Rf8+ Kg7 60. Rc8 Bd3 61. Rb8 Bc2 62. Kg4 Kh6 63. Rb6 Bd1+ 64. Kg3 Kh5 65.
Rb8 Kh6 66. Rb5 Bc2 67. Kf2 Kg7 68. Ke3 Kh6 69. Kd2 Kg7 70. Rg5 Kf6 71. Kc3 Kf7
72. Kd2 Kf6 73. Rc5 Ke6 74. Rb5 Kf6 75. Kc3 Ke6 76. Kd2 Kf6 77. Re5 Bf5 78. Kc3
Bc2 79. Rb5 Ke6 80. Kd4 Kf6 81. Ke3 Ke6 82. Kf3 Kf6 83. Rb6+ Kf5 84. Rb8 Kf6
85. Rb5 Ke6 86. Kg4 Kd6 87. Kg5 Kc6 88. Rb8 Kc7 89. Rb4 Kd6 90. h5 gxh5 91.
Kxh5 Kc5 92. Rb8 Kc4 93. Kg5 Kc3 94. f5 Bxf5 95. Kxf5 Kc2 96. Ke4 b2 1/2-1/2

[Event "Tradewise Gibraltar ChallWk2"]
[Site "Gibraltar"]
[Date "2016.01.31"]
[Round "2.15"]
[White "Pinho, Paulo"]
[Black "Henderson De La Fuente, Andrea"]
[Result "1-0"]
[WhiteElo "2197"]
[BlackElo "1866"]
[PlyCount "93"]
[EventDate "2016.01.30"]
[EventType "swiss"]
[EventRounds "5"]
[EventCountry "GGB"]
[SourceTitle "BritBase"]
[Source "www.saund.co.uk"]
[SourceDate "2018.02.10"]
[SourceVersion "1"]
[SourceVersionDate "2018.02.10"]
[SourceQuality "1"]

1. d4 Nf6 2. c4 g6 3. Nc3 Bg7 4. e4 d6 5. Nf3 O-O 6. Be2 e5 7. O-O Nbd7 8. Qc2
c6 9. Rd1 Qc7 10. d5 a5 11. Be3 Ng4 12. Bg5 Nc5 13. Ne1 h6 14. Bh4 g5 15. Bg3
Nf6 16. f3 Nh5 17. Bf2 Na6 18. dxc6 bxc6 19. g3 f5 20. exf5 Bxf5 21. Qd2 Rf6
22. Nd5 cxd5 23. Qxd5+ Kh7 24. Qxa8 Bc8 25. Bd3+ Kh8 26. Qe4 Bf5 27. Qd5 Be6
28. Qb5 Qc8 29. Rac1 Nc5 30. Qxa5 Nxd3 31. Rxd3 Qf8 32. Qd2 Bf5 33. Rd5 g4 34.
c5 gxf3 35. Rxd6 Rxd6 36. cxd6 Bd7 37. Rc7 Nf6 38. Nxf3 Ne4 39. Nh4 Qf6 40. Qc2
Qxd6 41. Rxd7 Qxd7 42. Qxe4 Qd1+ 43. Kg2 Qa1 44. Ng6+ Kg8 45. Ne7+ Kf7 46. Qg6+
Kxe7 47. Qxg7+ 1-0

[Event "Tradewise Gibraltar ChallWk2"]
[Site "Gibraltar"]
[Date "2016.01.31"]
[Round "2.16"]
[White "Guerra Rivera, Salvador"]
[Black "Cramling Bellon, Anna Yolanda"]
[Result "1-0"]
[WhiteElo "2184"]
[BlackElo "1830"]
[PlyCount "71"]
[EventDate "2016.01.30"]
[EventType "swiss"]
[EventRounds "5"]
[EventCountry "GGB"]
[SourceTitle "BritBase"]
[Source "www.saund.co.uk"]
[SourceDate "2018.02.10"]
[SourceVersion "1"]
[SourceVersionDate "2018.02.10"]
[SourceQuality "1"]

1. e4 c5 2. Nf3 e6 3. d4 cxd4 4. Nxd4 Nf6 5. Nc3 Bb4 6. e5 Nd5 7. Bd2 Nxc3 8.
bxc3 Be7 9. Qg4 g6 10. Bd3 a6 11. h4 h5 12. Qg3 d6 13. Bf4 d5 14. Be3 Qc7 15.
c4 dxc4 16. Bxg6 Bb4+ 17. Ke2 fxg6 18. Qxg6+ Qf7 19. Qe4 Qh7 20. Qf4 Bc3 21.
Rad1 Rf8 22. Qg5 Bxd4 23. Rxd4 Bd7 24. Rhd1 Qxc2+ 25. R4d2 Qf5 26. Qh6 c3 27.
Rd6 c2 28. R1d4 c1=Q 29. Bxc1 Qxf2+ 30. Kd3 Qf5+ 31. Kc3 Qf7 32. Bg5 b5 33. Rf4
Qg8 34. Rxf8+ Qxf8 35. Rxe6+ Kf7 36. Qg6# 1-0

[Event "Tradewise Gibraltar ChallWk2"]
[Site "Gibraltar"]
[Date "2016.01.31"]
[Round "2.17"]
[White "Petersson, Baldur Teodor"]
[Black "Ranaivoharisoa, Alain"]
[Result "0-1"]
[WhiteElo "1980"]
[BlackElo "2160"]
[PlyCount "90"]
[EventDate "2016.01.30"]
[EventType "swiss"]
[EventRounds "5"]
[EventCountry "GGB"]
[SourceTitle "BritBase"]
[Source "www.saund.co.uk"]
[SourceDate "2018.02.10"]
[SourceVersion "1"]
[SourceVersionDate "2018.02.10"]
[SourceQuality "1"]

1. e4 c5 2. Nc3 e6 3. g3 d5 4. exd5 exd5 5. d4 cxd4 6. Qxd4 Be6 7. Bb5+ Nc6 8.
Qa4 Qb6 9. Be3 Bc5 10. Bxc5 Qxc5 11. Nge2 Nf6 12. Nd4 Bd7 13. O-O-O O-O 14. Rd2
a6 15. Nb3 axb5 16. Qxa8 Qb6 17. Qa3 b4 18. Qa4 bxc3 19. bxc3 Ne4 20. Rxd5 Nxc3
21. Qc4 Nxd5 22. Qxd5 Be6 23. Qc5 Qa6 24. Kb2 Ra8 25. Ra1 g6 26. a3 Bxb3 27.
cxb3 Re8 28. Rc1 Qd3 29. Qc3 Re2+ 30. Rc2 Rxc2+ 31. Qxc2 Qd4+ 32. Ka2 Kg7 33.
f4 Qe3 34. Kb2 Nd4 35. Qc3 Qf2+ 36. Kc1 Qg1+ 37. Kd2 Qxh2+ 38. Kd3 Qxg3+ 39.
Kxd4 Qxc3+ 40. Kxc3 h5 41. Kd3 Kf6 42. b4 Ke6 43. Ke4 b5 44. Kd4 Kd6 45. Ke4 f6
0-1

[Event "Tradewise Gibraltar ChallWk2"]
[Site "Gibraltar"]
[Date "2016.01.31"]
[Round "2.18"]
[White "Lawson, Dominic Ralph"]
[Black "Lung, Liviu-Catalin"]
[Result "0-1"]
[WhiteElo "1988"]
[BlackElo "2141"]
[PlyCount "70"]
[EventDate "2016.01.30"]
[EventType "swiss"]
[EventRounds "5"]
[EventCountry "GGB"]
[SourceTitle "BritBase"]
[Source "www.saund.co.uk"]
[SourceDate "2018.02.10"]
[SourceVersion "1"]
[SourceVersionDate "2018.02.10"]
[SourceQuality "1"]

1. Nf3 Nf6 2. b3 g6 3. Bb2 Bg7 4. c4 O-O 5. g3 d6 6. d4 Nc6 7. Bg2 a6 8. O-O
Rb8 9. d5 Na5 10. Nd4 e5 11. dxe6 fxe6 12. Nc3 c5 13. Nc2 b5 14. cxb5 axb5 15.
e4 c4 16. e5 cxb3 17. axb3 Ne8 18. exd6 Nxb3 19. Ra7 Bd7 20. Nb4 Nc5 21. Nc6
Qb6 22. Nxb8 Qxa7 23. Nc6 Qa6 24. Ne7+ Kh8 25. Qg4 Qxd6 26. Qh4 Bf6 27. Nxg6+
Kg8 28. Qg4 hxg6 29. Qxg6+ Ng7 30. Ne4 Nxe4 31. Bxe4 Bxb2 32. Qh7+ Kf7 33. Qg6+
Ke7 34. Qg4 Bf6 35. Rd1 Qe5 0-1

[Event "Tradewise Gibraltar ChallWk2"]
[Site "Gibraltar"]
[Date "2016.01.31"]
[Round "2.19"]
[White "Toval Lopez, Alberto"]
[Black "Kandic, Milan"]
[Result "0-1"]
[WhiteElo "1952"]
[BlackElo "2109"]
[PlyCount "86"]
[EventDate "2016.01.30"]
[EventType "swiss"]
[EventRounds "5"]
[EventCountry "GGB"]
[SourceTitle "BritBase"]
[Source "www.saund.co.uk"]
[SourceDate "2018.02.10"]
[SourceVersion "1"]
[SourceVersionDate "2018.02.10"]
[SourceQuality "1"]

1. e4 d6 2. d4 Nf6 3. Nc3 e5 4. dxe5 dxe5 5. Qxd8+ Kxd8 6. Nf3 Bd6 7. Be3 Nc6
8. O-O-O h6 9. Nd2 Be6 10. f3 Ke7 11. Nc4 a6 12. Nd5+ Bxd5 13. exd5 Nb4 14.
Nxd6 cxd6 15. Bc4 Rhc8 16. Bb3 a5 17. a4 b5 18. f4 e4 19. Bd4 bxa4 20. Bxa4
Nbxd5 21. Rhe1 Rab8 22. c3 Nxf4 23. Bxf6+ gxf6 24. Rxe4+ Ne6 25. Bc2 Rc5 26.
Re2 Rcb5 27. Bd3 Re5 28. Red2 Rb6 29. Bc2 Nf4 30. Bd3 a4 31. g3 Nd5 32. Bb1 Ne3
33. Rg1 Nc4 34. Rf2 a3 35. bxa3 Nxa3 36. Bd3 Rb3 37. Rd2 Rc5 38. Re1+ Kf8 39.
Kd1 Rbxc3 40. Re4 d5 41. Ra4 Nc4 42. Bxc4 R3xc4 43. Ra8+ Kg7 0-1

[Event "Tradewise Gibraltar ChallWk2"]
[Site "Gibraltar"]
[Date "2016.01.31"]
[Round "2.20"]
[White "Mircov, Nicola-Alexandar"]
[Black "Jameson, David"]
[Result "0-1"]
[WhiteElo "1944"]
[BlackElo "2095"]
[PlyCount "70"]
[EventDate "2016.01.30"]
[EventType "swiss"]
[EventRounds "5"]
[EventCountry "GGB"]
[SourceTitle "BritBase"]
[Source "www.saund.co.uk"]
[SourceDate "2018.02.10"]
[SourceVersion "1"]
[SourceVersionDate "2018.02.10"]
[SourceQuality "1"]

1. e4 e5 2. Nf3 Nc6 3. Bc4 Bc5 4. c3 Nf6 5. d4 exd4 6. e5 d5 7. Bb5 Ne4 8. cxd4
Bb6 9. Be3 O-O 10. Nc3 Bg4 11. h3 Bxf3 12. gxf3 Nxc3 13. bxc3 Ba5 14. Qc2 Ne7
15. Bd3 g6 16. O-O-O c5 17. dxc5 Qc7 18. f4 b6 19. cxb6 axb6 20. Kb2 Bxc3+ 21.
Kb1 Rfc8 22. Qb3 d4 23. Bc1 Ra5 24. Ba3 Nd5 25. Bd6 Qc6 26. f5 Nf4 27. fxg6
hxg6 28. Rhg1 Kg7 29. a3 Nxd3 30. Rxd3 Rb5 31. Bb4 Bxb4 32. axb4 Rxb4 33. Qxb4
Qc2+ 34. Ka1 Qxd3 35. Qxb6 Ra8+ 0-1

[Event "Tradewise Gibraltar ChallWk2"]
[Site "Gibraltar"]
[Date "2016.01.31"]
[Round "2.21"]
[White "Carlsten, Peter"]
[Black "Maloberti, David"]
[Result "1-0"]
[WhiteElo "2074"]
[BlackElo "2006"]
[PlyCount "77"]
[EventDate "2016.01.30"]
[EventType "swiss"]
[EventRounds "5"]
[EventCountry "GGB"]
[SourceTitle "BritBase"]
[Source "www.saund.co.uk"]
[SourceDate "2018.02.10"]
[SourceVersion "1"]
[SourceVersionDate "2018.02.10"]
[SourceQuality "1"]

1. e4 e6 2. d4 d5 3. Nd2 Nf6 4. e5 Nfd7 5. f4 c5 6. c3 Qb6 7. Ndf3 Nc6 8. g3
cxd4 9. cxd4 Bb4+ 10. Kf2 f6 11. Kg2 O-O 12. a3 Be7 13. b4 fxe5 14. fxe5 Ndxe5
15. dxe5 Nxe5 16. Ra2 Bf6 17. Nxe5 Bxe5 18. Nf3 Bf6 19. Bf4 Bd7 20. Ne5 Bb5 21.
Bxb5 Qxb5 22. Qd3 Qe8 23. h4 Rc8 24. Rc2 Rxc2+ 25. Qxc2 Bxe5 26. Bxe5 Qh5 27.
Re1 Qf3+ 28. Kh3 h5 29. Qg6 Qf5+ 30. Qxf5 Rxf5 31. Bd4 Kf7 32. Re5 Rf3 33. Rxh5
Rd3 34. Be5 Rxa3 35. Rh7 Kg6 36. Rxg7+ Kf5 37. Rg5+ Ke4 38. Bg7 d4 39. Rg4+ 1-0

[Event "Tradewise Gibraltar ChallWk2"]
[Site "Gibraltar"]
[Date "2016.01.31"]
[Round "2.22"]
[White "Slinger, Tony J"]
[Black "Kozarcanin, Sead"]
[Result "0-1"]
[WhiteElo "1915"]
[BlackElo "2073"]
[PlyCount "54"]
[EventDate "2016.01.30"]
[EventType "swiss"]
[EventRounds "5"]
[EventCountry "GGB"]
[SourceTitle "BritBase"]
[Source "www.saund.co.uk"]
[SourceDate "2018.02.10"]
[SourceVersion "1"]
[SourceVersionDate "2018.02.10"]
[SourceQuality "1"]

1. Nf3 d5 2. d4 Nf6 3. e3 g6 4. c4 c6 5. Nc3 Bg7 6. Be2 O-O 7. O-O a6 8. b3 b5
9. cxd5 cxd5 10. Bb2 Nbd7 11. Ne5 Bb7 12. f4 Rc8 13. g4 Ne4 14. Nxd7 Qxd7 15.
Nxe4 dxe4 16. Qd2 e5 17. Rac1 exd4 18. Bxd4 Bxd4 19. exd4 Rxc1 20. Rxc1 e3 21.
Qxe3 Re8 22. Rc7 Qd8 23. Qc3 Rxe2 24. Rxb7 Qd5 25. Rb8+ Kg7 26. Qg3 Qxd4+ 27.
Kf1 Qd1+ 0-1

[Event "Tradewise Gibraltar ChallWk2"]
[Site "Gibraltar"]
[Date "2016.01.31"]
[Round "2.23"]
[White "Ohlsson, Mikael"]
[Black "Schouten, Freek"]
[Result "0-1"]
[WhiteElo "1810"]
[BlackElo "2053"]
[PlyCount "52"]
[EventDate "2016.01.30"]
[EventType "swiss"]
[EventRounds "5"]
[EventCountry "GGB"]
[SourceTitle "BritBase"]
[Source "www.saund.co.uk"]
[SourceDate "2018.02.10"]
[SourceVersion "1"]
[SourceVersionDate "2018.02.10"]
[SourceQuality "1"]

1. c4 c6 2. Nc3 d5 3. e3 Nf6 4. Nf3 e6 5. Be2 Bd6 6. d4 Nbd7 7. O-O O-O 8. Qc2
dxc4 9. Bxc4 b5 10. Bd3 Bb7 11. Ng5 h6 12. Nge4 Be7 13. Ne2 Qb6 14. a4 a6 15.
Bd2 c5 16. axb5 axb5 17. Nxc5 Nxc5 18. dxc5 Bxc5 19. Nc3 Ng4 20. Rae1 Qd6 21.
g3 Rfd8 22. Bh7+ Kh8 23. Rd1 f5 24. Bg6 Qc6 25. e4 b4 26. Na4 Bxf2+ 0-1

[Event "Tradewise Gibraltar ChallWk2"]
[Site "Gibraltar"]
[Date "2016.01.31"]
[Round "2.24"]
[White "Gaspar, Ioan-Dan"]
[Black "Ramirez Dominguez, Agustin"]
[Result "1-0"]
[WhiteElo "1486"]
[BlackElo "2011"]
[PlyCount "87"]
[EventDate "2016.01.30"]
[EventType "swiss"]
[EventRounds "5"]
[EventCountry "GGB"]
[SourceTitle "BritBase"]
[Source "www.saund.co.uk"]
[SourceDate "2018.02.10"]
[SourceVersion "1"]
[SourceVersionDate "2018.02.10"]
[SourceQuality "1"]

1. e4 e5 2. Nf3 Nf6 3. d3 d5 4. exd5 Qxd5 5. Be2 Bb4+ 6. c3 Bc5 7. O-O O-O 8.
b4 Be7 9. Bb2 Nbd7 10. Re1 c5 11. c4 Qd6 12. b5 Qc7 13. Bf1 Bd6 14. Nc3 b6 15.
Ne4 Re8 16. Nfd2 Bb7 17. g3 Bf8 18. Bg2 Nxe4 19. dxe4 g6 20. Nb1 Bg7 21. Nc3
Nf8 22. Nd5 Qd8 23. f4 Bxd5 24. cxd5 Qd6 25. Qf3 a6 26. a4 axb5 27. axb5 Rxa1
28. Rxa1 c4 29. Ra7 exf4 30. Bxg7 Kxg7 31. Qxf4 Qxf4 32. gxf4 Rc8 33. Ra1 Nd7
34. Rc1 Kf6 35. e5+ Nxe5 36. fxe5+ Kxe5 37. Kf2 Kd4 38. d6 Kc5 39. d7 Rd8 40.
Bc6 Kb4 41. Ke3 Kc5 42. Kd2 f5 43. Kc3 f4 44. Rd1 1-0

[Event "Tradewise Gibraltar ChallWk2"]
[Site "Gibraltar"]
[Date "2016.01.31"]
[Round "2.25"]
[White "Midonet, Mathieu"]
[Black "Ruiz Manrique, Joaquin"]
[Result "1-0"]
[WhiteElo "2211"]
[BlackElo "1984"]
[PlyCount "85"]
[EventDate "2016.01.30"]
[EventType "swiss"]
[EventRounds "5"]
[EventCountry "GGB"]
[SourceTitle "BritBase"]
[Source "www.saund.co.uk"]
[SourceDate "2018.02.10"]
[SourceVersion "1"]
[SourceVersionDate "2018.02.10"]
[SourceQuality "1"]

1. e4 d5 2. exd5 Qxd5 3. Nc3 Qa5 4. d4 c6 5. Bc4 Nf6 6. Bd2 Bg4 7. f3 Bh5 8.
Qe2 Qd8 9. O-O-O e6 10. g4 Bg6 11. h4 h6 12. Nh3 Bd6 13. g5 Nh5 14. gxh6 Ng3
15. Qg2 Nxh1 16. hxg7 Rg8 17. Rxh1 Qf6 18. h5 Bxh5 19. Ne4 Qxg7 20. Nxd6+ Kd7
21. Ng5 Kxd6 22. Rxh5 Kd7 23. Qf2 Rh8 24. Qh4 Rxh5 25. Qxh5 b5 26. Bb3 a5 27.
c3 Na6 28. Nxf7 Rf8 29. Ne5+ Kc7 30. Bxe6 Rh8 31. Qf7+ Qxf7 32. Bxf7 Rh1+ 33.
Kc2 b4 34. f4 Rh2 35. f5 c5 36. Bc4 Nb8 37. dxc5 Nd7 38. Nxd7 Kxd7 39. cxb4
axb4 40. f6 Kc6 41. f7 Rf2 42. Kd3 Rf6 43. Bh6 1-0

[Event "Tradewise Gibraltar ChallWk2"]
[Site "Gibraltar"]
[Date "2016.01.31"]
[Round "2.26"]
[White "Ajele, Rotimi"]
[Black "Adebajo, Olufemi"]
[Result "1-0"]
[WhiteElo "2163"]
[BlackElo "1963"]
[PlyCount "37"]
[EventDate "2016.01.30"]
[EventType "swiss"]
[EventRounds "5"]
[EventCountry "GGB"]
[SourceTitle "BritBase"]
[Source "www.saund.co.uk"]
[SourceDate "2018.02.10"]
[SourceVersion "1"]
[SourceVersionDate "2018.02.10"]
[SourceQuality "1"]

1. d4 Nf6 2. c4 c5 3. d5 e5 4. Nc3 d6 5. g3 Be7 6. Bg2 O-O 7. Nf3 a6 8. O-O
Nbd7 9. Rb1 Re8 10. Nd2 Nf8 11. a3 Ng6 12. b4 b6 13. Qc2 h6 14. bxc5 bxc5 15.
Na4 Bd7 16. Nc3 Bg4 17. Nb3 Rf8 18. h3 Bh5 19. g4 1-0